[Event "Barcelona Segura Memorial 1st"]
[Site "Barcelona"]
[Date "2021.10.13"]
[Round "3"]
[White "Salom Jovani, Oriol"]
[Black "Daguro Dasalla, Armando"]
[Result "0-1"]
[WhiteElo "1696"]
[BlackElo "1903"]
[PlyCount "104"]
[EventDate "2021.09.29"]
[EventType "swiss"]
[EventRounds "9"]
[EventCountry "ESP"]
[SourceTitle "EXT 2023"]
[Source "ChessBase"]
[SourceDate "2022.10.05"]
[SourceVersion "1"]
[SourceVersionDate "2022.10.05"]
[SourceQuality "1"]

1. e4 Nc6 2. d4 d5 3. e5 Bf5 4. c3 Qd7 5. Bd3 Bg6 6. Ne2 e6 7. 0-0 Nge7 8. b4 Nf5 9. a4 Be7 10. a5 Nh4 11. b5 Nb8 12. Ba3 0-0 13. Nf4 Qd8 14. Nxg6 Nxg6 15. f4 Bxa3 16. Nxa3 Nd7 17. Qh5 f5 18. g3 Rf7 19. Rfd1 Qe7 20. c4 c6 21. bxc6 bxc6 22. c5 Rb8 23. Rab1 Rxb1 24. Rxb1 Nxc5 25. Qe2 Nxd3 26. Qxd3 Nf8 27. a6 Qc7 28. Nc2 Qa5 29. Na1 c5 30. Nb3 c4 31. Nxa5 cxd3 32. Nb7 Rc7 33. Nc5 Nd7 34. Nxd7 Rxd7 35. Kf2 Kf7 36. Rb7 Re7 37. Ke3 Ke8 38. Kxd3 Rd7 39. Rb8+ Rd8 40. Rb7 Rd7 41. Kc3 Kd8 42. Rb8+ Kc7 43. Rb7+ Kc8 44. Rxd7 Kxd7 45. Kb4 Kc6 46. Ka5 h5 47. h4 g6 48. Ka4 Kb6 49. Kb4 Kxa6 50. Ka4 Kb6 51. Kb4 a6 52. Ka4 a5 0-1

[Event "Barcelona Tey op-A 1st"]
[Site "Barcelona"]
[Date "2019.10.16"]
[Round "2.6"]
[White "Salom Jovani, Oriol"]
[Black "Comellas Blanchart, Jordi"]
[Result "0-1"]
[WhiteElo "1679"]
[BlackElo "2048"]
[PlyCount "22"]
[EventDate "2019.10.09"]
[EventType "swiss"]
[EventRounds "9"]
[EventCountry "ESP"]
[SourceTitle "EXT 2024"]
[Source "ChessBase"]
[SourceDate "2023.10.10"]
[SourceVersion "1"]
[SourceVersionDate "2023.10.10"]
[SourceQuality "1"]

1. e4 e5 2. f4 exf4 3. Nf3 Nf6 4. Nc3 d5 5. exd5 Nxd5 6. Bc4 Nxc3 7. bxc3 Bd6 8. 0-0 0-0 9. d4 Nc6 10. Nd2 Bf5 11. Qh5 Bxc2 0-1

[Event "Barcelona Tupinamba op-A 14th"]
[Site "Barcelona"]
[Date "2019.05.22"]
[Round "7.10"]
[White "Cabot Muntane, Jordi"]
[Black "Salom Jovani, Oriol"]
[Result "1-0"]
[WhiteElo "1853"]
[BlackElo "1684"]
[PlyCount "47"]
[EventDate "2019.03.27"]
[EventType "swiss"]
[EventRounds "9"]
[EventCountry "ESP"]
[SourceTitle "EXT 2024"]
[Source "ChessBase"]
[SourceDate "2023.10.10"]
[SourceVersion "1"]
[SourceVersionDate "2023.10.10"]
[SourceQuality "1"]

1. d4 Nf6 2. Nf3 e6 3. Bf4 c5 4. c3 b6 5. e3 Bb7 6. Nbd2 cxd4 7. exd4 Be7 8. h3 0-0 9. Bd3 d6 10. 0-0 Nbd7 11. Nc4 Qc7 12. a4 Rfe8 13. Re1 Bf8 14. Bh2 Rad8 15. Ncd2 e5 16. dxe5 dxe5 17. Qe2 Bd6 18. Ne4 Nxe4 19. Bxe4 Bxe4 20. Qxe4 Nc5 21. Qc2 e4 22. Bxd6 Rxd6 23. Rad1 Rf6 24. b4 1-0

[Event "Amposta Balague Memorial 2nd"]
[Site "Amposta"]
[Date "2015.07.16"]
[Round "4"]
[White "Rodriguez Adell, Aaron"]
[Black "Salom Jovani, Oriol"]
[Result "1-0"]
[WhiteElo "2047"]
[BlackElo "1618"]
[PlyCount "83"]
[EventDate "2015.07.15"]
[EventType "swiss"]
[EventRounds "9"]
[EventCountry "ESP"]
[SourceTitle "CBM 167 Extra"]
[Source "ChessBase"]
[SourceDate "2015.09.14"]
[SourceVersion "1"]
[SourceVersionDate "2015.09.14"]
[SourceQuality "1"]

1. d4 Nf6 2. Bg5 e6 3. e4 h6 4. Bxf6 Qxf6 5. c3 d5 6. Nd2 c5 7. Ngf3 Nc6 8. Bb5 a6 9. Qa4 Bd7 10. exd5 exd5 11. 0-0 Be7 12. dxc5 0-0 13. Bxc6 Bxc6 14. Qd4 Qf5 15. Nb3 a5 16. Rfe1 Bf6 17. Qd2 a4 18. Nbd4 Qh5 19. b4 axb3 20. axb3 g5 21. Nf5 Rxa1 22. Rxa1 g4 23. N3d4 Bg5 24. Qd3 Re8 25. Ng3 Qg6 26. Qxg6+ fxg6 27. b4 h5 28. b5 Bd7 29. Kf1 h4 30. Nge2 g3 31. hxg3 hxg3 32. Nxg3 Bf6 33. Nge2 Bf5 34. Nxf5 gxf5 35. Nd4 Re4 36. c6 bxc6 37. bxc6 Bxd4 38. c7 Re8 39. cxd4 Kf7 40. Rc1 Rc8 41. Ke2 Ke6 42. Kf3 1-0

[Event "Amposta Balague Memorial 2nd"]
[Site "Amposta"]
[Date "2015.07.15"]
[Round "2"]
[White "Uran Bermudez, Oliver Kevin"]
[Black "Salom Jovani, Oriol"]
[Result "1-0"]
[WhiteElo "2216"]
[BlackElo "1618"]
[PlyCount "73"]
[EventDate "2015.07.15"]
[EventType "swiss"]
[EventRounds "9"]
[EventCountry "ESP"]
[SourceTitle "CBM 167 Extra"]
[Source "ChessBase"]
[SourceDate "2015.09.14"]
[SourceVersion "1"]
[SourceVersionDate "2015.09.14"]
[SourceQuality "1"]

1. e4 c5 2. Nf3 d6 3. d4 cxd4 4. Nxd4 Nf6 5. Nc3 a6 6. h3 e6 7. g4 b5 8. Bg2 Bb7 9. g5 Nfd7 10. Be3 Be7 11. h4 Qc7 12. Qd2 Nc6 13. h5 Nce5 14. b3 Ng4 15. g6 hxg6 16. hxg6 Rxh1+ 17. Bxh1 Nxe3 18. gxf7+ Kxf7 19. Qxe3 Bf6 20. 0-0-0 Rc8 21. e5 dxe5 22. Nxe6 Kxe6 23. Qh3+ Ke7 24. Bxb7 Qxb7 25. Nd5+ Kf8 26. Qh8+ Kf7 27. Qh5+ Kg8 28. Qf5 Nf8 29. Nxf6+ gxf6 30. Qxf6 Qg7 31. Qxa6 Qg5+ 32. f4 Qf5 33. Rg1+ Kf7 34. Qb7+ Qd7 35. Qg2 exf4 36. Qg7+ Ke6 37. Re1+ 1-0